Religion Quiz

Random Religion or Bible Quiz

Biblical Word Cameos Quiz Stats

Quiz Updated Mar 2, 2016

Challenge
Share
Tweet
Embed
Score 0/29 Timer 10:00
0 Plays Today
Clue Word % Correct
So then because thou art ________, and neither cold nor hot, I will spue thee out of my mouth.lukewarm
48.3%
Blessed are the ___________: for they shall be called the children of God.peacemakers
45.1%
now the coat was without ____, woven from the top throughout.seam
44.5%
In my Father's house are many ________:mansions
42.9%
Make thee an ark of ______ wood;gopher
40.2%
How art thou fallen from heaven, O _______, son of the morning!Lucifer
39.9%
So Joseph died, being an hundred and ten years old: and they embalmed him, and he was put in a ______ in Egypt.coffin
38.3%
That which groweth of ___ own accord of thy harvest thou shalt not reap,its
37.6%
Ye blind guides, which strain at a ____, and swallow a camel.gnat
37.5%
And finding a ship sailing over unto Phenicia, we went ______, and set forth.aboard
36.8%
And the living creatures ran and returned as the appearance of a _____ of lightning.flash
36.8%
Till heaven and earth pass, one ___ or one tittle shall in no wise pass from the law, till all be fulfilled.jot
34.9%
they brought thee for a present horns of ivory and _____.ebony
34.3%
In a moment, in the _________ of an eye, at the last trump:twinkling
33.6%
the cucumbers, and the melons, and the leeks, and the ______, and the garlick:onions
31.3%
Clue Word % Correct
I would cause thee to drink of spiced wine of the ____ of my pomegranate.juice
30%
For there is hope of a tree, if it be cut down, that it will ______ again,sprout
28.9%
And he gathered them together into a place called in the Hebrew tongue __________.Armageddon
27.4%
they cast them into prison, charging the ______ to keep them safely:jailor
26.5%
______, O isles, unto me; and hearken, ye people, from far;Listen
23%
And if any man will ___ thee at the law, and take away thy coat, let him have thy cloke also.sue
20.6%
that he shall shave all his hair off his head and his beard and his ________,eyebrows
19%
Thy navel is like a round ______, which wanteth not liquor:goblet
18.9%
And he smote them ___ and thigh with a great slaughter:hip
18.8%
Though thou shouldest bray a fool in a mortar among wheat with a ______, yet will not his foolishness depart from him.pestle
14.8%
And there shall come forth a rod out of the ____ of Jesse, and a Branch shall grow out of his roots:stem
14.3%
The trees of the Lord are full of ___; the cedars of Lebanon, which he hath planted;sap
13.1%
Lord, make me to know mine end, and the measure of my days, what it is: that I may know how _____ I am.frail
10.4%
And it is a ____ thing that the king requireth, and there is none other that can shew it before the king,rare
8.6%

You're not logged in!

Compare scores with friends on all Sporcle quizzes.
Sign Up with Email
OR
Log In

You Might Also Like...

Show Comments

Extras

Top Quizzes Today


Score Distribution

Your Account Isn't Verified!

In order to create a playlist on Sporcle, you need to verify the email address you used during registration. Go to your Sporcle Settings to finish the process.